[Event "nockout2"]
[Site "SchemingMind.com"]
[Date "2014.01.24"]
[Round "-"]
[White "Chessibelle"]
[Black "cnile"]
[Result "0-1"]
[WhiteCountry "ENG"]
[BlackCountry "SCO"]
[WhiteElo "1198"]
[WhiteRD "58"]
[BlackElo "1482"]
[BlackRD "62"]
[GameID "346159"]

1. Nf3 e6 2. d4 d5 3. e3 Nf6 4. Nc3 Bb4 5. Bd2 Bd7 6. Ne5 O-O 7. a3 Bd6 8. Be2 c5 9. O-O Nc6 10. Nxd7 Qxd7
11. g3 cxd4 12. exd4 Nxd4 13. Bd3 a6 14. Re1 e5 15. b3 e4 16. Bf1 Nf3+ 17. Kg2 Nxe1+ 18. Bxe1 Bc5 19. b4 Ba7 20. Bd2 Rac8
21. Be2 Rfe8 22. Bg5 Re6 23. Bf4 Rxc3 24. Bd2 Rc8 25. Bf4 Rec6 26. Rc1 b5 27. Kf1 Qh3+ 28. Kg1 d4 29. Be5 d3 30. Bf1 Qe6
31. Bf4 Rxc2 32. Rb1 Qa2 33. Bh3 Bxf2+ 34. Kh1 Bd4 35. Qf1 Rxh2#
0-1

[Event "nockout2"]
[Site "SchemingMind.com"]
[Date "2014.01.24"]
[Round "-"]
[White "cnile"]
[Black "Chessibelle"]
[Result "0-1"]
[WhiteCountry "SCO"]
[BlackCountry "ENG"]
[WhiteElo "1472"]
[WhiteRD "62"]
[BlackElo "1126"]
[BlackRD "59"]
[GameID "346161"]

1. e4 e5 2. Nf3 Nc6 3. Bb5 Nce7 4. Nc3 c6 5. Be2 Nf6 6. d4 d5 7. exd5 cxd5 8. Bg5 Nc6 9. dxe5 h6 10. Bh4 Be7
11. exf6 Bxf6 12. Bxf6 Qxf6 13. O-O Be6 14. Nd4 Nxd4 15. Re1 O-O 16. Bd3 g6 17. Qe2 Nxe2+
0-1

[Event "nockout2"]
[Site "SchemingMind.com"]
[Date "2014.01.26"]
[Round "-"]
[White "Kenny Elliott"]
[Black "James Reed"]
[Result "1-0"]
[WhiteCountry "USA"]
[BlackCountry "ENG"]
[WhiteElo "1566"]
[WhiteRD "80"]
[BlackElo "1366"]
[BlackRD "64"]
[GameID "346174"]

1. d4 Nf6 2. c4 g6 3. Nc3 Bg7 4. Nf3 d5 5. e3 O-O 6. Qb3 c6 7. cxd5 Nxd5 8. Nxd5 cxd5 9. g3 Nc6 10. Bg2 e6
11. O-O Re8 12. Bd2 b6 13. Rac1 Bh6 14. Rxc6 Bb7 15. Rc2 Ba6 16. Rfc1 Bc4 17. Qa4 b5 18. Qb4 a5 19. Qa3 b4 20. Bxb4 axb4
21. Qxb4 Bxa2 22. b3 Rb8 23. Qc3 Bxb3 24. Rb2 Bc4 25. Rxb8 Qxb8 26. Ne5 Qb3 27. Nxc4 Qxc3 28. Rxc3 Rc8 29. Bf1 Bg5 30. f4 Be7
31. Bd3 dxc4 32. Rxc4 Rxc4 33. Bxc4 Bb4 34. Kf2 Kg7 35. Kf3 Kf6 36. g4 g5 37. d5 exd5 38. fxg5+ Ke6 39. Bd3 Ke5 40. Bxh7 Be7
41. g6 fxg6 42. Bxg6 Kf6 43. Bf5 Bf8 44. h4 Bg7 45. Kf4 Bf8 46. g5+ Kf7 47. h5 Bg7 48. h6 Bh8 49. g6+ Kf8 50. g7+ Bxg7
51. hxg7+
1-0

[Event "nockout2"]
[Site "SchemingMind.com"]
[Date "2014.01.26"]
[Round "-"]
[White "James Reed"]
[Black "Kenny Elliott"]
[Result "0-1"]
[WhiteCountry "ENG"]
[BlackCountry "USA"]
[WhiteElo "1366"]
[WhiteRD "64"]
[BlackElo "1566"]
[BlackRD "80"]
[GameID "346175"]

1. e4 c5 2. Nf3 d6 3. d4 cxd4 4. Nxd4 e5 5. Nf3 Bg4 6. h3 Bh5 7. Nc3 Nc6 8. Bb5 Nf6 9. Bg5 Be7 10. Bxf6 Bxf6
11. O-O a6 12. Bxc6+ bxc6 13. Re1 Bxf3 14. Qxf3 Qb6 15. Rab1 O-O 16. b3 Rad8 17. Red1 Qb4 18. Qe3 Rd7 19. a3 Qb7 20. a4 d5
21. Ra1 d4 22. Qd2 Rfd8 23. Ne2 c5 24. Qd3 Rd6 25. Ng3 g6 26. Rab1 Qb4 27. Qc4 a5 28. Qxb4 cxb4 29. Ne2 Bg5 30. g3 d3
31. cxd3 Rxd3 32. Rxd3 Rxd3 33. Nc1 Rd1+ 34. Kg2 Bxc1 35. Kf3 f5 36. exf5 gxf5 37. Kg2 Kg7 38. h4 Kg6 39. Kf3 Rd3+ 40. Kg2 Bh6
41. Kh3 f4 42. Re1 Bg7 43. Kg4 h5+ 44. Kh3 Rxb3 45. Rd1 Ra3 46. Re1 Kf5 47. Kg2 fxg3 48. fxg3 Ra2+ 49. Kh3 Rf2 50. Rd1 b3
0-1

[Event "nockout2"]
[Site "SchemingMind.com"]
[Date "2014.01.27"]
[Round "-"]
[White "kubinet"]
[Black "Manfred Kraut"]
[Result "0-1"]
[WhiteCountry "GER"]
[BlackCountry "GER"]
[WhiteElo "1188"]
[WhiteRD "45"]
[BlackElo "1485"]
[BlackRD "73"]
[GameID "346204"]

1. e4 c5 2. Nf3 Nc6 3. d4 cxd4 4. Nxd4 g6 5. Nc3 Bg7 6. Be3 d6 7. Bb5 Nf6 8. f3 O-O 9. Nxc6 bxc6 10. Bxc6 Rb8
11. Rb1 Be6 12. O-O Bc8 13. Bxa7 Rb4 14. a3 Rc4 15. Bb5 Rc7 16. Bb6 Nd7 17. Bxc7 Qxc7 18. Nd5 Qc5+ 19. Kh1 Qxb5 20. Nxe7+ Kh8
21. Qxd6 Be5 22. Qd5 Qa6 23. c4 Bf6
0-1

[Event "nockout2"]
[Site "SchemingMind.com"]
[Date "2014.01.27"]
[Round "-"]
[White "Manfred Kraut"]
[Black "kubinet"]
[Result "1-0"]
[WhiteCountry "GER"]
[BlackCountry "GER"]
[WhiteElo "1485"]
[WhiteRD "73"]
[BlackElo "1188"]
[BlackRD "45"]
[GameID "346205"]

1. d4 d5 2. Nf3 Nf6 3. e3 e6 4. Bd3 Be7 5. O-O O-O 6. b3 c5 7. c4 Nc6 8. Ne5 Qc7 9. Bb2 b6 10. f4 Nb4
11. a3 Nxd3 12. Qxd3 Ne4 13. Nd2 f6 14. Ng4 Nd6 15. Rf3 Bb7 16. Rh3 Nf5 17. Qe2 Rae8 18. b4 cxd4 19. exd4 Qxf4 20. Nf3 dxc4
21. Qxc4 Bd5 22. Qd3 Rc8 23. Rf1 Qxg4 24. Rf2 Be4 25. Qe3
1-0

[Event "nockout2"]
[Site "SchemingMind.com"]
[Date "2014.01.22"]
[Round "-"]
[White "alexyongpohweng"]
[Black "kenneth m day"]
[Result "0-1"]
[WhiteCountry "MAS"]
[BlackCountry "USA"]
[WhiteElo "1303"]
[WhiteRD "45"]
[BlackElo "1769"]
[BlackRD "48"]
[GameID "346207"]

1. e4 e5 2. Qh5 Nc6 3. Bc4 Qe7 4. Nf3 Nf6 5. Qg5 h6 6. Qe3 Ng4 7. Qe2 d6 8. O-O Bd7 9. h3 Nf6 10. Bb5 a6
11. Bxc6 Bxc6 12. d3 O-O-O 13. Nc3 g5 14. b3 Rg8 15. Bb2 g4 16. hxg4 Nxg4 17. Nh2 Nxh2 18. Kxh2 Qh4+ 19. Kg1 Bd7 20. Qf3 Bh3
21. g3 Bxf1 22. Rxf1 Qh3 23. Qxf7 Bg7 24. Qf5+ Qxf5 25. exf5 Bh8 26. Ne4 Rdf8 27. Nd2 Rxf5 28. Kg2 h5 29. Nf3 Bf6 30. Nh2 h4
31. Bc1 hxg3 32. fxg3 Rxf1 33. Kxf1 Rxg3 34. Kf2 Bh4 35. Kf1 Kd7 36. Bd2 Rg8 37. Nf3 Bg3 38. Ke2 Bf4 39. Bxf4 exf4 40. Nd4 c5
41. Nf3 Rg2+ 42. Kd1 Ke6 43. Ne1 Rg1 44. Ke2 Kf5 45. Nf3 Rg2+ 46. Kd1 Kg4 47. Ne1 Rg1 48. Ke2 Rh1 49. Nf3 Ra1 50. a4 Ra2
51. Kd1 Kxf3 52. Kd2 Kg2
0-1

[Event "nockout2"]
[Site "SchemingMind.com"]
[Date "2014.01.23"]
[Round "-"]
[White "kenneth m day"]
[Black "alexyongpohweng"]
[Result "1-0"]
[WhiteCountry "USA"]
[BlackCountry "MAS"]
[WhiteElo "1767"]
[WhiteRD "48"]
[BlackElo "1230"]
[BlackRD "45"]
[GameID "346208"]

1. e4 e5 2. Nf3 d6 3. Bc4 Nf6 4. Nc3 Be7 5. d4 exd4 6. Qxd4 O-O 7. Bg5 c5 8. Qd2 a6 9. O-O-O b5 10. Be2 b4
11. Nd5 Nxd5 12. Qxd5 Ra7 13. Bxe7 Qxe7 14. Qxd6 Qxd6 15. Rxd6 Bb7 16. e5 Bxf3 17. Bxf3 Nd7 18. Rd5 Re8 19. Rhd1 Nb8 20. Rd8 Rf8
21. Rxf8+ Kxf8 22. Rd8+ Ke7 23. Rxb8 Ke6 24. Re8+ Kd7 25. Rg8 g6 26. Bd5 f5 27. Rg7+
1-0

[Event "nockout2"]
[Site "SchemingMind.com"]
[Date "2014.01.29"]
[Round "-"]
[White "emvarela"]
[Black "eun77"]
[Result "1-0"]
[WhiteCountry "ARG"]
[BlackCountry "ISR"]
[WhiteElo "1766"]
[WhiteRD "50"]
[BlackElo "1371"]
[BlackRD "53"]
[GameID "346493"]

1. e4 e5 2. Nf3 d6 3. d4 exd4 4. Nxd4 Nc6 5. Bb5 Bd7 6. Nxc6 Bxc6 7. Bxc6+ bxc6 8. O-O Nf6 9. Nc3 Be7 10. Qf3 h6
11. Be3 O-O 12. e5 dxe5 13. Qxc6 Qd7 14. Qxd7 Nxd7 15. Rad1 Nf6 16. Nd5 Nxd5 17. Rxd5 a6 18. Rxe5 Rae8 19. Re1 Bf6 20. Rxe8 Rxe8
21. c3 Bg5 22. Bd2 Rxe1+ 23. Bxe1 Kf8 24. g3 Ke7 25. f4 Bf6 26. Kf2 Kd6 27. Kf3
1-0

[Event "nockout2"]
[Site "SchemingMind.com"]
[Date "2014.01.29"]
[Round "-"]
[White "eun77"]
[Black "emvarela"]
[Result "0-1"]
[WhiteCountry "ISR"]
[BlackCountry "ARG"]
[WhiteElo "1371"]
[WhiteRD "53"]
[BlackElo "1766"]
[BlackRD "50"]
[GameID "346496"]

1. c4 f5 2. d3 Nf6 3. e3 g6 4. Nf3 Bg7 5. h3 b6 6. Be2 O-O 7. O-O Bb7 8. Nh2 c5 9. Bf3 Bxf3 10. Nxf3 Nc6
11. a3 d5 12. cxd5 Qxd5 13. Nc3 Qd7 14. d4 cxd4 15. Nxd4 Nxd4 16. Qxd4 Qxd4 17. exd4 Rfd8 18. Bg5 Rxd4 19. Bxf6 Bxf6 20. Rad1 Rad8
21. Rxd4 Rxd4 22. Re1 Kf7 23. Kf1 Rd2 24. Rb1 Bxc3 25. bxc3 Rc2 26. Rb3 e5 27. Ke1 Ke6 28. g3 e4 29. h4 Kd5 30. Kd1 Rxf2
0-1

[Event "nockout2"]
[Site "SchemingMind.com"]
[Date "2014.01.27"]
[Round "-"]
[White "spoke"]
[Black "klapa"]
[Result "1-0"]
[WhiteCountry "GER"]
[BlackCountry "POL"]
[WhiteElo "1849"]
[WhiteRD "71"]
[BlackElo "1479"]
[BlackRD "70"]
[GameID "346592"]

1. e4 e5 2. Nf3 Nf6 3. Nc3 d5 4. exd5 e4 5. Bb5+ Bd7 6. Bxd7+ Nbxd7 7. Nd4 Bc5 8. Nb3 Ne5 9. Nxc5 O-O 10. N5xe4 Nxe4
11. Nxe4 Qxd5 12. f3 Nd7 13. O-O Rae8 14. d3 c5 15. c4 Qd4+ 16. Kh1 Ne5 17. Bf4 Nxd3 18. Bg3 Rd8 19. Qc2 Qxb2 20. Qxb2 Nxb2
21. Bd6 Nxc4 22. Bxf8 Rxf8 23. Rac1 b5 24. Nxc5 a5 25. Ne4 b4 26. Rxc4 f5 27. Ng3 f4 28. Ne4 Rb8 29. Rfc1 h6 30. Rc8+ Rxc8
31. Rxc8+ Kh7 32. Ra8 g5 33. Rxa5
1-0

[Event "nockout2"]
[Site "SchemingMind.com"]
[Date "2014.01.27"]
[Round "-"]
[White "klapa"]
[Black "spoke"]
[Result "0-1"]
[WhiteCountry "POL"]
[BlackCountry "GER"]
[WhiteElo "1479"]
[WhiteRD "70"]
[BlackElo "1849"]
[BlackRD "71"]
[GameID "346593"]

1. d4 Nf6 2. Nf3 g6 3. c4 Bg7 4. Nc3 O-O 5. e4 d6 6. Bd3 e5 7. dxe5 dxe5 8. c5 Bg4 9. O-O Nc6 10. Qb3 Bxf3
11. Qxb7 Qxd3 12. Qxc6 Bxe4 13. Rd1 Qxd1+ 14. Nxd1 Bxc6 15. Ne3 Rad8 16. b4 Rd4 17. Bb2 Rxb4 18. Bc3 Re4 19. Rd1 Ng4 20. Bd2 Nxe3
21. Bxe3 Rg4 22. f3 Bxf3 23. Rf1 Rxg2+ 24. Kh1 Rf2+ 25. Kg1 Rxf1+ 26. Kxf1 f5 27. Kf2 e4 28. a4 Rb8 29. h3 Rb2+ 30. Kg3 Rg2+
31. Kf4 Bh6+ 32. Ke5 Bxe3
0-1

[Event "nockout2"]
[Site "SchemingMind.com"]
[Date "2014.01.27"]
[Round "-"]
[White "MichaelG"]
[Black "Clive Everill"]
[Result "1-0"]
[WhiteCountry "GER"]
[BlackCountry "CZE"]
[WhiteElo "1844"]
[WhiteRD "96"]
[BlackElo "1723"]
[BlackRD "54"]
[GameID "346606"]

1. d4 d5 2. c4 c6 3. Nf3 dxc4 4. e3 b5 5. a4 e6 6. axb5 cxb5 7. b3 Bb4+ 8. Bd2 Bxd2+ 9. Nbxd2 a5 10. bxc4 b4
11. Ne5 Nf6 12. Be2 Bb7 13. Qa4+ Nbd7 14. c5 O-O 15. c6 Nb6 16. Qb5 Qc7 17. cxb7 Qxb7 18. O-O Nfd5 19. Bf3 Rfb8 20. Rxa5 Rxa5
21. Qxa5 Ra8 22. Qb5 Qc7 23. Bxd5 Nxd5 24. Qc6 Qd8 25. Nb3 Rc8 26. Qb5 g6 27. Nc5 Rb8 28. Qc4 Qc8 29. Ncd7 Qxc4 30. Nxc4 Rb7
31. Nc5 Ra7 32. Nd2 Ra2 33. Ndb3 Nc3 34. Ra1 Rb2 35. g3 Kg7 36. Ra7 Kf6 37. Rb7 Rb1+ 38. Kg2 h5 39. Rxb4 Kf5 40. Rb7 Kf6
41. Nd2 Rd1 42. Nde4+ Nxe4 43. Nxe4+ Kg7 44. Ng5 Rc1 45. Rxf7+ Kg8 46. Rf6 Kg7 47. Rxe6
1-0

[Event "nockout2"]
[Site "SchemingMind.com"]
[Date "2014.01.28"]
[Round "-"]
[White "Clive Everill"]
[Black "MichaelG"]
[Result "0-1"]
[WhiteCountry "CZE"]
[BlackCountry "GER"]
[WhiteElo "1723"]
[WhiteRD "54"]
[BlackElo "1844"]
[BlackRD "96"]
[GameID "346608"]

1. e4 c5 2. Nf3 Nc6 3. Bb5 g6 4. O-O Bg7 5. c3 Nf6 6. Re1 O-O 7. e5 Nd5 8. d4 cxd4 9. cxd4 d6 10. h3 Nc7
11. Bxc6 bxc6 12. Bf4 Bb7 13. Nc3 Ne6 14. Bg3 Qc7 15. exd6 exd6 16. Ne4 Rfd8 17. Rc1 Qb6 18. Nxd6 Nxd4 19. Nxd4 Bxd4 20. Qf3 Rd7
21. Re8+ Rxe8 22. Nxe8 c5 23. Qf4 Qc6 24. Qf3 Qxf3 25. gxf3 Bxf3 26. b3 Re7 27. Nd6 Re2 28. a4 Be5 29. Bxe5 Rxe5 30. Kh2 Rg5
31. Rg1 Rxg1 32. Kxg1 Bd5 33. Nc4 Kg7 34. f4 Kf6 35. Kf2 Bxc4 36. bxc4 a5 37. Ke3 Kf5 38. Kf3 h5 39. h4 f6 40. Ke3 Kg4
41. Ke4 Kxh4 42. Kd5 Kg3 43. Kxc5 h4 44. Kb5 h3 45. c5 h2 46. c6 h1=Q 47. Kb6 Kxf4 48. c7 Qa8 49. Kc5 Ke5
0-1

[Event "nockout2"]
[Site "SchemingMind.com"]
[Date "2014.04.17"]
[Round "-"]
[White "kenneth m day"]
[Black "Manfred Kraut"]
[Result "1-0"]
[WhiteCountry "USA"]
[BlackCountry "GER"]
[WhiteElo "1753"]
[WhiteRD "49"]
[BlackElo "1457"]
[BlackRD "69"]
[GameID "356909"]

1. e4 c5 2. f4 d5 3. exd5 Nf6 4. Bb5+ Bd7 5. Bxd7+ Nbxd7 6. c4 Nb6 7. Nf3 g6 8. Qe2 Bg7 9. Nc3 O-O 10. O-O a6
11. d3 Qd6 12. Ne5 Nh5 13. Ne4 Qd8 14. Nxc5 Rc8 15. Nxb7 Qc7 16. Na5 Qc5+ 17. Be3 Qb4 18. Nac6 Qd6 19. Nxe7+ Qxe7 20. Bxb6 Bh6
21. Be3 Rfd8 22. Nc6 Rxc6 23. dxc6 Qc7 24. Qf3 Rxd3 25. Qe4 Rd6 26. Rad1 Re6 27. Qf3 Nf6 28. g3 Ne4 29. Rd4 Qxc6 30. Rfd1 Bg7
31. Rd8+ Bf8 32. R1d4 Nf6 33. Qxc6 Rxc6 34. b3 Kg7 35. Ra8 Bc5 36. Rd3 Ne4 37. Bxc5 Nxc5 38. Rd5 Ne4 39. Ra5 h5 40. R8xa6
1-0

[Event "nockout2"]
[Site "SchemingMind.com"]
[Date "2014.04.17"]
[Round "-"]
[White "Manfred Kraut"]
[Black "kenneth m day"]
[Result "0-1"]
[WhiteCountry "GER"]
[BlackCountry "USA"]
[WhiteElo "1457"]
[WhiteRD "69"]
[BlackElo "1753"]
[BlackRD "49"]
[GameID "356910"]

1. d4 d5 2. Nf3 Nc6 3. e3 Bf5 4. b3 Nf6 5. Bb2 h6 6. Nbd2 e6 7. Be2 Bd6 8. O-O O-O 9. Ne5 Be7 10. f4 Nxe5
11. dxe5 Ne4 12. Nxe4 Bxe4 13. Bd3 f5 14. exf6 Bxf6 15. Bxf6 Qxf6 16. Bxe4 dxe4 17. Qd4 Qf5 18. c4 Rfd8 19. Qb2 Qf6 20. Qxf6 gxf6
21. f5 e5 22. Rad1 Rd3 23. Rxd3 exd3 24. Rd1 Rd8 25. Kf2 e4 26. g4 Kf7 27. h4 Rd6 28. Ke1 Rd8 29. Kd2 c5 30. Rb1= Rg8
31. Rg1 Ke7 32. g5 fxg5 33. hxg5 Rxg5 34. Rh1 h5 35. f6+ Kxf6 36. Rf1+ Kg6 37. Rf4 Rg4 38. Rf8 Rg2+ 39. Kc3 Rc2#
0-1

[Event "nockout2"]
[Site "SchemingMind.com"]
[Date "2014.04.23"]
[Round "-"]
[White "Kenny Elliott"]
[Black "mmccaffe"]
[Result "0-1"]
[WhiteCountry "USA"]
[BlackCountry "USA"]
[WhiteElo "1558"]
[WhiteRD "67"]
[BlackElo "1676"]
[BlackRD "58"]
[GameID "357330"]

1. d4 Nf6 2. c4 g6 3. Nc3 Bg7 4. Nf3 O-O 5. e4 d6 6. Bg5 Qe8 7. Be2 h6 8. Bh4 g5 9. e5 dxe5 10. dxe5 Nfd7
11. Bg3 Nc6 12. Nd5 Qd8 13. e6 Nde5 14. Nxe5 Nxe5 15. exf7+ Rxf7 16. Bh5 Rf8 17. O-O c6 18. Bxe5 Bxe5 19. Qe2 Bxh2+ 20. Kxh2 cxd5
21. Rad1 Qc7+ 22. Kg1 Qxc4 23. Qe5 Qe4 24. Qxd5+ Qxd5 25. Rxd5 Bf5 26. Re5 Bd3 27. Rfe1 Rf4 28. Rxe7 Ba6 29. R1e6 Rc8 30. Rxh6 Rh4
31. Re8+ Rxe8 32. Rg6+ Kh7 33. Rxg5 Re1#
0-1

[Event "nockout2"]
[Site "SchemingMind.com"]
[Date "2014.04.23"]
[Round "-"]
[White "mmccaffe"]
[Black "Kenny Elliott"]
[Result "1-0"]
[WhiteCountry "USA"]
[BlackCountry "USA"]
[WhiteElo "1686"]
[WhiteRD "58"]
[BlackElo "1595"]
[BlackRD "69"]
[GameID "357331"]

1. e4 c5 2. Nf3 d6 3. d4 cxd4 4. Nxd4 e5 5. Nb3 Nf6 6. Bg5 Be7 7. Nc3 O-O 8. Bxf6 Bxf6 9. Bd3 Be6 10. O-O Bxb3
11. cxb3 Nc6 12. Nd5 Nd4 13. f4 Rc8 14. Nxf6+ Qxf6 15. fxe5 Qxe5 16. Bc4 Nc6 17. Qe2 Nd4 18. Qd3 Ne6 19. Rf5 Qxb2 20. Raf1 Rce8
21. Qxd6 Qd4+ 22. Qxd4 Nxd4 23. Rxf7 Ne6 24. Bxe6
1-0

[Event "nockout2"]
[Site "SchemingMind.com"]
[Date "2014.05.06"]
[Round "-"]
[White "spoke"]
[Black "MichaelG"]
[Result "1-0"]
[WhiteCountry "GER"]
[BlackCountry "GER"]
[WhiteElo "1854"]
[WhiteRD "83"]
[BlackElo "1773"]
[BlackRD "92"]
[GameID "358029"]

1. e4 c5 2. Nf3 Nc6 3. d4 cxd4 4. Nxd4 g6 5. Nc3 Bg7 6. Be3 Nf6 7. Bc4 Qa5 8. O-O O-O 9. Bb3 d6 10. f3 Bd7
11. Nd5 Rfe8 12. c3 Nxd5 13. Bxd5 e6 14. Bxc6 bxc6 15. Qc2 Qc7 16. Rfd1 a5 17. Rd2 c5 18. Ne2 Bb5 19. Rad1 Bxe2 20. Rxe2 Red8
21. Red2 Qc6 22. c4 Rab8 23. b3 Rb7 24. f4 e5 25. Rd5 Rdd7 26. Qd2 f6 27. Bxc5
1-0

[Event "nockout2"]
[Site "SchemingMind.com"]
[Date "2014.05.06"]
[Round "-"]
[White "MichaelG"]
[Black "spoke"]
[Result "0-1"]
[WhiteCountry "GER"]
[BlackCountry "GER"]
[WhiteElo "1773"]
[WhiteRD "92"]
[BlackElo "1854"]
[BlackRD "83"]
[GameID "358030"]

1. d4 d5 2. c4 e6 3. Nf3 Nf6 4. cxd5 exd5 5. Nc3 Bb4 6. Bg5 h6 7. Bh4 Nc6 8. e3 g5 9. Bg3 Ne4 10. Qc2 Bg4
11. Nd2 Nxg3 12. hxg3 Qd7 13. f3 Bf5 14. Bd3 Bxd3 15. Qxd3 O-O-O 16. a3 Bd6 17. Kf2 f5 18. Nxd5 Bxg3+ 19. Kxg3 Qxd5 20. Kf2 f4
21. e4 Qxd4+ 22. Qxd4 Nxd4 23. Rad1 Nc2 24. Ke2 Ne3
0-1

[Event "nockout2"]
[Site "SchemingMind.com"]
[Date "2014.06.15"]
[Round "-"]
[White "emvarela"]
[Black "cnile"]
[Result "1-0"]
[WhiteCountry "ARG"]
[BlackCountry "SCO"]
[WhiteElo "1627"]
[WhiteRD "46"]
[BlackElo "1512"]
[BlackRD "64"]
[GameID "359942"]

1. e4 e6 2. d4 d5 3. Nc3 Nf6 4. Bg5 Bb4 5. exd5 exd5 6. Ne2 c6 7. a3 Bd6 8. Ng3 Nbd7 9. Qf3 O-O 10. Nf5 Re8+
11. Be2 Bc7 12. O-O-O Nf8 13. Bxf6 Qxf6 14. Bd3 Qg5+ 15. Kb1 Ng6 16. h4 Qd8 17. h5 Nf4 18. g3 Ne6 19. Qg4 h6 20. Nxh6+ Kf8
21. Nxf7 Kxf7 22. Bg6+ Kg8 23. Bxe8 Qxe8 24. Rde1 Qf7 25. h6 Nf8 26. Qxg7+ Qxg7 27. hxg7 Kxg7 28. Re7+ Kg6 29. Rxc7 Bg4 30. Rxb7 Ne6
31. Rhh7 Bf3 32. Rxa7 Rc8 33. Rhf7 Nxd4 34. Rg7+ Kh6 35. Rh7+ Kg6 36. Rag7+ Kf5 37. Rh4 Kf6 38. Rgh7 Ne2 39. Nxe2 Bxe2 40. Rf4+ Ke5
41. Re7+
1-0

[Event "nockout2"]
[Site "SchemingMind.com"]
[Date "2014.06.14"]
[Round "-"]
[White "cnile"]
[Black "emvarela"]
[Result "1/2-1/2"]
[WhiteCountry "SCO"]
[BlackCountry "ARG"]
[WhiteElo "1512"]
[WhiteRD "64"]
[BlackElo "1627"]
[BlackRD "46"]
[GameID "359943"]

1. Nf3 d5 2. d4 Nf6 3. c4 e6 4. Bg5 Be7 5. e3 h6 6. Bxf6 Bxf6 7. Nc3 O-O 8. cxd5 exd5 9. h3 Nc6 10. a3 a6
11. Bd3 Be6 12. O-O Qd7 13. Kh2 b5 14. b4 Bf5 15. Rc1 Bxd3 16. Qxd3 Qd6+ 17. Kg1 Rfe8 18. Rfe1 a5 19. Nxb5 Qd7 20. Qc3 Re6
21. Nd2 axb4 22. axb4 Rb8 23. Na3 Nxb4 24. Nc2 Nxc2 25. Qxc2 c6 26. Nf3 Rb5 27. Ra1 g6 28. Rec1 Kg7 29. Nd2 c5 30. Rab1 Rxb1
31. Rxb1 cxd4 32. exd4 Bxd4 33. Nf3 Rc6 34. Qd3 Bf6 35. Rd1 Rd6 36. Nd4 Bxd4 37. Qxd4+ Kh7 38. Kh2=
1/2-1/2

[Event "nockout2"]
[Site "SchemingMind.com"]
[Date "2014.06.26"]
[Round "-"]
[White "mmccaffe"]
[Black "kenneth m day"]
[Result "1-0"]
[WhiteCountry "USA"]
[BlackCountry "USA"]
[WhiteElo "1695"]
[WhiteRD "64"]
[BlackElo "1669"]
[BlackRD "52"]
[GameID "360518"]

1. e4 e5 2. Nf3 d6 3. d4 exd4 4. Nxd4 g6 5. Nc3 Bg7 6. Be3 Nf6 7. Qd2 O-O 8. f3 c5 9. Nde2 Nc6 10. Bh6 Re8
11. Bxg7 Kxg7 12. O-O-O Be6 13. g4 Rb8 14. h4 Ne5 15. Bg2 Nc4 16. Qd3 b5 17. b3 Ne5 18. Qxd6 Qxd6 19. Rxd6 Red8 20. Rhd1 Rxd6
21. Rxd6 Rb7 22. Nf4 Rd7 23. Nxe6+ fxe6 24. Rxd7+ Nfxd7 25. Nxb5 a6 26. Nc3 Nb6 27. Na4 Nxa4 28. bxa4 Nc4 29. Bf1 Ne5 30. Be2 Kf6
31. Kb2 a5 32. Kc3 h6 33. f4 Nc6 34. Kc4 Nb4 35. Kb3 Ke7 36. c3 Nc6 37. Bb5 Na7 38. Kc4 Kd6 39. e5+ Kc7 40. Kxc5 Nxb5
41. axb5 Kb7 42. Kd6 Kb6 43. c4 a4 44. c5+ Kxb5 45. c6
1-0

[Event "nockout2"]
[Site "SchemingMind.com"]
[Date "2014.06.26"]
[Round "-"]
[White "kenneth m day"]
[Black "mmccaffe"]
[Result "0-1"]
[WhiteCountry "USA"]
[BlackCountry "USA"]
[WhiteElo "1708"]
[WhiteRD "50"]
[BlackElo "1708"]
[BlackRD "69"]
[GameID "360519"]

1. e4 c6 2. c4 d5 3. cxd5 cxd5 4. exd5 Nf6 5. Nc3 Nxd5 6. d4 Bf5 7. Bc4 Nxc3 8. bxc3 e6 9. Nf3 Qc7 10. Qb3 Nc6
11. O-O Bd6 12. Re1 O-O 13. Be3 Na5 14. Qa4 Nxc4 15. Nh4 Nxe3 16. Rxe3 Bxh2+ 17. Kh1 Bd6 18. Nxf5 exf5 19. Rc1 Bf4 20. Ree1 Bxc1
21. Rxc1 Qc6 22. Qb3 Qh6+ 23. Kg1 Qxc1+
0-1

[Event "nockout2"]
[Site "SchemingMind.com"]
[Date "2014.10.13"]
[Round "-"]
[White "spoke"]
[Black "emvarela"]
[Result "1-0"]
[WhiteCountry "GER"]
[BlackCountry "ARG"]
[WhiteElo "1825"]
[WhiteRD "76"]
[BlackElo "1686"]
[BlackRD "48"]
[GameID "366713"]

1. e4 e5 2. Nf3 Nc6 3. Bc4 Bc5 4. d3 Nf6 5. Nc3 h6 6. Be3 Bxe3 7. fxe3 d6 8. a3 Qe7 9. Qe2 Bg4 10. h3 Bh5
11. Nd5 O-O-O 12. Nxe7+
1-0

[Event "nockout2"]
[Site "SchemingMind.com"]
[Date "2014.10.13"]
[Round "-"]
[White "emvarela"]
[Black "spoke"]
[Result "0-1"]
[WhiteCountry "ARG"]
[BlackCountry "GER"]
[WhiteElo "1695"]
[WhiteRD "49"]
[BlackElo "1811"]
[BlackRD "66"]
[GameID "366714"]

1. e4 e5 2. Nf3 Nc6 3. Bb5 Bb4 4. c3 Ba5 5. Bxc6 dxc6 6. O-O Bg4 7. h3 Bh5 8. g4 Bg6 9. d3 f6 10. b4 Bb6
11. Na3 Ne7 12. Nc4 O-O 13. Nxb6 cxb6 14. Qe2 b5 15. a4 bxa4 16. Rxa4 a5 17. bxa5 Rxa5 18. Rxa5 Qxa5 19. Bb2 Ra8 20. Ra1 Qd8
21. Nd2 Bf7 22. c4 Rxa1+ 23. Bxa1 Ng6 24. Qe3 Nf4 25. Kh2 Qxd3 26. Qxd3 Nxd3 27. Kg3 Kf8 28. Kf3 Ke7 29. Ke3 Nb4 30. Bb2 c5
31. Bc3 Kd6 32. Bxb4 cxb4 33. Kd3 b5 34. cxb5 Kc5 35. b6 Kxb6 36. Nc4+ Bxc4+ 37. Kxc4 Ka5 38. Kb3 Kb5 39. h4 g5 40. h5 h6
41. f3 Kc5
0-1

[Event "nockout2"]
[Site "SchemingMind.com"]
[Date "2015.01.03"]
[Round "-"]
[White "mmccaffe"]
[Black "spoke"]
[Result "0-1"]
[WhiteCountry "USA"]
[BlackCountry "GER"]
[WhiteElo "1714"]
[WhiteRD "65"]
[BlackElo "1803"]
[BlackRD "68"]
[GameID "372392"]

1. d4 Nf6 2. c4 e6 3. Nc3 Bb4 4. e3 O-O 5. Nf3 b6 6. Bd3 Bb7 7. O-O Bxc3 8. bxc3 c5 9. a4 Nc6 10. Ba3 d6
11. Qc2 Ne7 12. Rfd1 Ne4 13. Nd2 Nxd2 14. Rxd2 Ng6 15. Rb1 Qg5 16. g3 f5 17. dxc5 dxc5 18. Bxc5 Ne5 19. Bxf8 Nf3+ 20. Kf1 Nxh2+
21. Ke1 Nf3+ 22. Kd1 Nxd2 23. Qxd2 Rxf8 24. Kc2 Rd8 25. Qe2 e5 26. c5 Rxd3
0-1

[Event "nockout2"]
[Site "SchemingMind.com"]
[Date "2015.01.03"]
[Round "-"]
[White "spoke"]
[Black "mmccaffe"]
[Result "1-0"]
[WhiteCountry "GER"]
[BlackCountry "USA"]
[WhiteElo "1811"]
[WhiteRD "66"]
[BlackElo "1718"]
[BlackRD "59"]
[GameID "372393"]

1. e4 c5 2. Nf3 d6 3. d4 cxd4 4. Nxd4 Nf6 5. Nc3 a6 6. f4 e6 7. Be2 Be7 8. O-O Nc6 9. Be3 O-O 10. Nxc6 bxc6
11. e5 dxe5 12. fxe5 Nd5 13. Nxd5 cxd5 14. Bd3 Qc7 15. Qh5 g6 16. Qh3 Qxe5 17. Bh6 Rd8 18. c3 d4 19. Rae1 Qc5 20. Kh1 dxc3
21. bxc3 Qh5 22. Qxh5 gxh5 23. Rf3 Bf8 24. Rg3+ Kh8 25. Bg5 Rd7 26. Bf6+
1-0